Podział administracyjny Kazachstanu - Statystyki

Ogólne statystyki
  • Ten quiz został rozwiązany 6 razy
  • Średni wynik to 5 z 21
Statystyki odpowiedzi
Nazwa np. Obwód Nazwa % Poprawnych
Miasto wydzielone Astana
100%
Miasto wydzielone Ałmaty
40%
Miasto wydzielone Szymkent
40%
Obwód abajski
20%
Obwód akiubiński
20%
Obwód akmolski
20%
Obwód ałmacki
20%
Obwód atyrauski
20%
Miasto wydzielone Bajkonur
20%
Obwód karagandyjski
20%
Obwód kustanajski
20%
Obwód kyzyłordyński
20%
Obwód mangystauski
20%
Obwód pawłodarski
20%
Obwód północnokazachstański
20%
Obwód turkiestański
20%
Obwód ułytauski
20%
Obwód wschodniokazachstański
20%
Obwód zachodniokazachstański
20%
Obwód żambylski
20%
Obwód żetysuski
20%
Nie znaleziono quizów pasujących do podanych kryteriów
Rozkład punktacji
Procent ludzi z każdym wynikiem
Percentyl według liczby udzielonych odpowiedzi
Twoja historia wyników
Nie rozwiązałeś tego quizu